[Event "MCRE_O21"]
[Site "?"]
[Date "2004.??.??"]
[Round "?"]
[White "Slechta, Vladimir"]
[Black "Kratochvil, Jan"]
[Result "1-0"]
[WhiteElo "1923"]
[BlackElo "1800"]
[PlyCount "59"]
[EventDate "2004.??.??"]
[EventType "corr"]
[EventRounds "2"]
[SourceDate "2005.03.12"]

1. d4 d5 2. c4 dxc4 3. e4 b5 4. a4 c6 5. Nc3 b4 6. Na2 Nf6 7. e5 Nd5 8. Bxc4 a5
9. f3 Nd7 10. Ne2 N7b6 11. Bd3 e6 12. Qc2 Bd7 13. O-O c5 14. b3 Rc8 15. Ba6 Rc7
16. Qd3 cxd4 17. Bb2 Bc5 18. Bxd4 O-O 19. Rac1 Qe7 20. Bxc5 Rxc5 21. Qd4 Rc6
22. Bb7 Rxc1 23. Rxc1 Bc8 24. Bxd5 Nxd5 25. Ng3 Bb7 26. Rc5 Ra8 27. Rb5 h6 28.
Ne4 Nf4 29. Qd6 Bxe4 30. Qxe7 1-0

[Event "MCRE_O21"]
[Site "?"]
[Date "2004.??.??"]
[Round "?"]
[White "Slechta, Vladimir"]
[Black "Mateka, Petr"]
[Result "1/2-1/2"]
[WhiteElo "1923"]
[BlackElo "1970"]
[PlyCount "86"]
[EventDate "2004.??.??"]
[EventType "corr"]
[EventRounds "2"]
[SourceDate "2005.03.12"]

1. d4 Nf6 2. c4 e6 3. Nc3 Bb4 4. Bd2 Qe7 5. Nf3 d6 6. g3 O-O 7. Bg2 e5 8. O-O
Bxc3 9. Bxc3 e4 10. Ne1 d5 11. cxd5 Nxd5 12. Qb3 c6 13. Bd2 Re8 14. Nc2 Nd7 15.
Ne3 N7b6 16. a4 Nxe3 17. Bxe3 Nd5 18. a5 Be6 19. Qa3 Qd7 20. a6 bxa6 21. Rfc1
f5 22. Bd2 Rab8 23. Rc2 Rb6 24. Ba5 Rb5 25. e3 Reb8 26. Bc3 R8b6 27. Bf1 Rb3
28. Qc5 Nxc3 29. bxc3 Kf7 30. c4 Qe7 31. Qa5 c5 32. Rd2 Rb1 33. Rxb1 Rxb1 34.
d5 Bd7 35. Qxa6 f4 36. Qa2 Re1 37. Re2 Rc1 38. Rb2 Bh3 39. Rb1 Rxf1+ 40. Rxf1
Bxf1 41. Kxf1 f3 42. Qa6 Qd7 43. Ke1 Kf8 1/2-1/2

[Event "MCRE_O21"]
[Site "?"]
[Date "2004.??.??"]
[Round "?"]
[White "Slechta, Vladimir"]
[Black "Novak, Vaclav"]
[Result "1/2-1/2"]
[WhiteElo "1923"]
[BlackElo "1860"]
[PlyCount "111"]
[EventDate "2004.??.??"]
[EventType "corr"]
[EventRounds "2"]
[SourceDate "2005.03.12"]

1. d4 d5 2. c4 dxc4 3. e4 c5 4. d5 Nf6 5. Nc3 b5 6. e5 b4 7. exf6 bxc3 8. bxc3
Nd7 9. Bxc4 gxf6 10. Bb5 Rb8 11. Bc6 Rg8 12. Bf4 Rb2 13. Ne2 Ba6 14. Ng3 Qa5
15. Qf3 Rxa2 16. Rxa2 Qxa2 17. Qd1 Kd8 18. Bxd7 Kxd7 19. Be3 Qc4 20. Qc2 Qxd5
21. f3 Qd3 22. Qa4+ Qb5 23. Qc2 e6 24. Kf2 Bd6 25. Ne4 Be7 26. Rb1 Qc4 27. Kg1
f5 28. Nd2 Qe2 29. Qa4+ Kc7 30. Bf2 Bd6 31. Qa5+ Kc8 32. c4 Bb7 33. Bg3 Bxg3
34. hxg3 Qe3+ 35. Kh1 Rxg3 36. Qxa7 Qh6+ 37. Kg1 Rxg2+ 38. Kxg2 Qxd2+ 39. Kh3
Qh6+ 40. Kg2 Qg5+ 41. Kf1 Qe7 42. Rb5 Qc7 43. Rxc5 Bc6 44. Qxc7+ Kxc7 45. Ke2
h5 46. Ra5 Kd6 47. Ra1 Kc5 48. Rh1 f4 49. Rh4 e5 50. Rxh5 f6 51. Rf5 Kxc4 52.
Rxf6 Bd5 53. Rf8 Kd4 54. Kf2 Bc4 55. Rd8+ Bd5 56. Rf8 1/2-1/2

[Event "MCRE_O21"]
[Site "?"]
[Date "2004.??.??"]
[Round "?"]
[White "Slechta, Vladimir"]
[Black "Spicka, Zdenek"]
[Result "1/2-1/2"]
[WhiteElo "1923"]
[BlackElo "1800"]
[PlyCount "104"]
[EventDate "2004.??.??"]
[EventType "corr"]
[EventRounds "2"]
[SourceDate "2005.03.12"]

1. d4 Nf6 2. c4 e6 3. Nf3 Bb4+ 4. Bd2 Bxd2+ 5. Qxd2 O-O 6. Nc3 d5 7. e3 Qe7 8.
Bd3 dxc4 9. Bxc4 c5 10. O-O Nc6 11. Rad1 Rd8 12. Qe2 cxd4 13. exd4 Na5 14. Bd3
Nc6 15. Rfe1 h6 16. a3 Qc7 17. Bc2 Ne7 18. Ne5 Bd7 19. Ne4 Ned5 20. Rc1 Qb6 21.
Nc4 Qc7 22. Nxf6+ Nxf6 23. Qe5 Qb8 24. Be4 Nxe4 25. Qxe4 Bc6 26. Qg4 Rd5 27.
Ne5 Qd6 28. Qf3 Be8 29. Nc4 Qa6 30. Red1 Rad8 31. Ne3 Rxd4 32. Rxd4 Rxd4 33.
Rc8 Kf8 34. h3 Qb5 35. Qg3 Qxb2 36. Qb8 Qb1+ 37. Kh2 Qb5 38. Qxa7 Qd7 39. Rb8
Qd6+ 40. Kg1 Rd3 41. Qa8 Qe7 42. a4 Ra3 43. Nc2 Rb3 44. Nd4 Rb1+ 45. Kh2 Rb6
46. Rc8 Ra6 47. Qb8 Qd6+ 48. Qxd6+ Rxd6 49. Nb5 Rd7 50. Nc7 Re7 51. a5 f6 52.
Nb5 Rd7 1/2-1/2

[Event "MCRE_O21"]
[Site "?"]
[Date "2004.??.??"]
[Round "?"]
[White "Slechta, Vladimir"]
[Black "Tucek, Richard"]
[Result "1-0"]
[WhiteElo "1923"]
[BlackElo "1800"]
[PlyCount "73"]
[EventDate "2004.??.??"]
[EventType "corr"]
[EventRounds "2"]
[SourceDate "2005.03.12"]

1. d4 d5 2. c4 e6 3. Nf3 Nf6 4. Nc3 c5 5. e3 cxd4 6. Nxd4 dxc4 7. Bxc4 Bd7 8.
O-O Nc6 9. e4 Nxd4 10. Qxd4 Bc6 11. Qe3 Be7 12. e5 Nd5 13. Qg3 g6 14. Rd1 O-O
15. Ne4 Qc7 16. Bg5 Bxg5 17. Qxg5 Kg7 18. Bxd5 Bxd5 19. Nf6 h6 20. Nxd5 exd5
21. Qf6+ Kh7 22. Rxd5 Rad8 23. Rd6 Rc8 24. h4 Qc2 25. Rd7 Qxb2 26. Rxf7+ Rxf7
27. Qxf7+ Kh8 28. Qf6+ Kh7 29. Rd1 Rc1 30. Qf7+ Kh8 31. Rxc1 Qxc1+ 32. Kh2 Qb2
33. e6 Qe5+ 34. f4 Qg7 35. Qe8+ Kh7 36. Qd7 b6 37. e7 1-0

[Event "MCRE_O21"]
[Site "?"]
[Date "2004.??.??"]
[Round "?"]
[White "Spicka, Zdenek"]
[Black "Hochman, Jan"]
[Result "1/2-1/2"]
[WhiteElo "1800"]
[BlackElo "1800"]
[PlyCount "44"]
[EventDate "2004.??.??"]
[EventType "corr"]
[EventRounds "2"]
[SourceDate "2005.03.12"]

1. e4 c6 2. d4 d5 3. Nc3 dxe4 4. Nxe4 Nd7 5. Bc4 Ngf6 6. Nxf6+ Nxf6 7. Nf3 Bf5
8. Qe2 e6 9. Bg5 Bg4 10. O-O-O Be7 11. h3 Bxf3 12. Qxf3 Nd5 13. Bxe7 Qxe7 14.
Rhe1 O-O 15. Bxd5 Qg5+ 16. Re3 exd5 17. Kb1 Rae8 18. Rde1 Re6 19. g3 Rfe8 20.
h4 Rxe3 21. Rxe3 Rxe3 22. fxe3 Qe7 1/2-1/2

[Event "MCRE_O21"]
[Site "?"]
[Date "2004.??.??"]
[Round "?"]
[White "Spicka, Zdenek"]
[Black "Kratochvil, Jan"]
[Result "0-1"]
[WhiteElo "1800"]
[BlackElo "1800"]
[PlyCount "22"]
[EventDate "2004.??.??"]
[EventType "corr"]
[EventRounds "2"]
[SourceDate "2005.03.12"]

1. e4 e5 2. Nf3 Nc6 3. Bb5 a6 4. Ba4 Bc5 5. c3 Nf6 6. O-O b5 7. Bc2 d5 8. Qe2
O-O 9. d3 dxe4 10. dxe4 Be6 11. Qxb5 axb5 0-1

[Event "MCRE_O21"]
[Site "?"]
[Date "2004.??.??"]
[Round "?"]
[White "Spicka, Zdenek"]
[Black "Mateka, Petr"]
[Result "0-1"]
[WhiteElo "1800"]
[BlackElo "1970"]
[PlyCount "98"]
[EventDate "2004.??.??"]
[EventType "corr"]
[EventRounds "2"]
[SourceDate "2005.03.12"]

1. e4 e5 2. Nf3 Nc6 3. Bb5 a6 4. Ba4 Nf6 5. O-O Be7 6. Re1 b5 7. Bb3 O-O 8. d4
d6 9. dxe5 Nxe5 10. Bf4 Ng6 11. Bd2 Bb7 12. Nc3 Qd7 13. a4 c5 14. Ba2 Rfe8 15.
axb5 axb5 16. Bg5 b4 17. Nd5 Nxd5 18. Bxd5 Rxa1 19. Qxa1 Bxd5 20. exd5 Bxg5 21.
Nxg5 Rxe1+ 22. Qxe1 Qf5 23. h4 h6 24. Qe8+ Nf8 25. Qe4 Qf6 26. Nf3 Qxb2 27. Nd2
Qc3 28. Nc4 f5 29. Qe2 Qa1+ 30. Qf1 Qd4 31. Nxd6 Qxd5 32. Qc4 Qxc4 33. Nxc4 Kf7
34. Kf1 Ke6 35. Ke2 f4 36. g3 fxg3 37. fxg3 Kf5 38. Kf3 h5 39. Ne3+ Ke5 40. g4
hxg4+ 41. Nxg4+ Kd4 42. Ne3 Kc3 43. Ke2 Ng6 44. Kd1 Nxh4 45. Nd5+ Kc4 46. Ne3+
Kd4 47. Kd2 c4 48. Nd1 c3+ 49. Kc1 Nf5 0-1

[Event "MCRE_O21"]
[Site "?"]
[Date "2004.??.??"]
[Round "?"]
[White "Spicka, Zdenek"]
[Black "Novak, Vaclav"]
[Result "1-0"]
[WhiteElo "1800"]
[BlackElo "1860"]
[PlyCount "71"]
[EventDate "2004.??.??"]
[EventType "corr"]
[EventRounds "2"]
[SourceDate "2005.03.12"]

1. e4 e5 2. Nf3 Nc6 3. d4 exd4 4. Nxd4 Bc5 5. Be3 Qf6 6. c3 Nge7 7. b4 Bxd4 8.
cxd4 Nxb4 9. Nc3 O-O 10. a3 Na6 11. Qh5 b6 12. Bd3 Qg6 13. Qxg6 Nxg6 14. f4 Re8
15. f5 Ne7 16. O-O f6 17. e5 Bb7 18. Bc4+ Kh8 19. exf6 gxf6 20. Rae1 Kg7 21.
Rf4 c6 22. Rg4+ Kh8 23. Bd3 Nd5 24. Nxd5 cxd5 25. Kf2 Rac8 26. Bh6 Rxe1 27.
Kxe1 Re8+ 28. Kd2 Re7 29. Bf8 Rf7 30. Bd6 Rg7 31. Rxg7 Kxg7 32. g4 Kf7 33. h4
h6 34. Ke3 Kg7 35. Kf4 Bc8 36. g5 1-0

[Event "MCRE_O21"]
[Site "?"]
[Date "2004.??.??"]
[Round "?"]
[White "Spicka, Zdenek"]
[Black "Slechta, Vladimir"]
[Result "0-1"]
[WhiteElo "1800"]
[BlackElo "1923"]
[PlyCount "50"]
[EventDate "2004.??.??"]
[EventType "corr"]
[EventRounds "2"]
[SourceDate "2005.03.12"]

1. e4 e5 2. Nf3 Nc6 3. Bb5 a6 4. Bxc6 dxc6 5. O-O Bg4 6. h3 h5 7. d3 Qf6 8.
Nbd2 Ne7 9. Re1 Ng6 10. d4 Bd6 11. hxg4 hxg4 12. Nh2 Rxh2 13. Qxg4 Qh4 14. Qxh4
Rxh4 15. Nf3 Rh7 16. Be3 f6 17. dxe5 Nxe5 18. Nxe5 Bxe5 19. c3 g5 20. g3 Kf7
21. Kg2 Rah8 22. Rh1 Bd6 23. Rxh7+ Rxh7 24. Rh1 Rxh1 25. f4 Rh8 0-1

[Event "MCRE_O21"]
[Site "?"]
[Date "2004.??.??"]
[Round "?"]
[White "Spicka, Zdenek"]
[Black "Tucek, Richard"]
[Result "1-0"]
[WhiteElo "1800"]
[BlackElo "1800"]
[PlyCount "73"]
[EventDate "2004.??.??"]
[EventType "corr"]
[EventRounds "2"]
[SourceDate "2005.03.12"]

1. e4 e5 2. Nf3 Nc6 3. Bb5 a6 4. Ba4 b5 5. Bb3 d6 6. c3 Na5 7. Bc2 Nf6 8. d4
exd4 9. cxd4 Be7 10. O-O O-O 11. e5 dxe5 12. dxe5 Ne8 13. Qe2 Be6 14. Qe4 g6
15. Rd1 Qc8 16. Nd4 Ng7 17. Nc3 c5 18. Nxe6 Qxe6 19. Nd5 Rad8 20. Bf4 Nf5 21.
a4 Nd4 22. Nxe7+ Qxe7 23. axb5 Nxc2 24. Qxc2 Rxd1+ 25. Qxd1 Qd8 26. Qa4 axb5
27. Qxb5 f6 28. Bh6 Rf7 29. Qxa5 Qxa5 30. Rxa5 Rd7 31. f4 Rd1+ 32. Kf2 fxe5 33.
fxe5 Rb1 34. e6 Rxb2+ 35. Kf3 Rb8 36. Rxc5 Re8 37. Re5 1-0

[Event "MCRE_O21"]
[Site "?"]
[Date "2004.??.??"]
[Round "?"]
[White "Tucek, Richard"]
[Black "Hochman, Jan"]
[Result "0-1"]
[WhiteElo "1800"]
[BlackElo "1800"]
[PlyCount "80"]
[EventDate "2004.??.??"]
[EventType "corr"]
[EventRounds "2"]
[SourceDate "2005.03.12"]

1. Nf3 c6 2. c4 Nf6 3. d4 d5 4. e3 Bf5 5. Nc3 e6 6. cxd5 exd5 7. Bd3 Bxd3 8.
Qxd3 Bd6 9. O-O O-O 10. e4 dxe4 11. Nxe4 Nxe4 12. Qxe4 Re8 13. Qg4 Qd7 14. Qxd7
Nxd7 15. Be3 Nf6 16. h3 Nd5 17. Rfe1 Bb4 18. Bd2 Bxd2 19. Nxd2 Kf8 20. Nf3 Rad8
21. Rxe8+ Rxe8 22. Re1 Rxe1+ 23. Nxe1 Nf4 24. Kf1 Ke7 25. g3 Nxh3 26. f4 g5 27.
fxg5 Nxg5 28. Ke2 Ke6 29. Ke3 Kf5 30. Nd3 Kg4 31. Nc5 Kxg3 32. Nxb7 f5 33. Nd6
f4+ 34. Kd2 f3 35. Nf5+ Kg2 36. b4 f2 37. Ne3+ Kg1 38. a4 Ne4+ 39. Kd3 Nf6 40.
b5 Nd5 0-1

[Event "MCRE_O21"]
[Site "?"]
[Date "2004.??.??"]
[Round "?"]
[White "Tucek, Richard"]
[Black "Kratochvil, Jan"]
[Result "0-1"]
[WhiteElo "1800"]
[BlackElo "1800"]
[PlyCount "86"]
[EventDate "2004.??.??"]
[EventType "corr"]
[EventRounds "2"]
[SourceDate "2005.03.12"]

1. d4 Nf6 2. c4 e6 3. Nc3 d5 4. cxd5 exd5 5. e3 c6 6. Nf3 Bd6 7. Be2 O-O 8. O-O
Re8 9. h3 Ne4 10. Nxe4 dxe4 11. Nh2 Be6 12. Bg4 f5 13. Be2 Nd7 14. Re1 Qh4 15.
Nf1 Rad8 16. Bd2 Nb6 17. b4 Nc4 18. a4 Nxd2 19. Qxd2 f4 20. exf4 Bxf4 21. Ne3
Qf6 22. b5 Qxd4 23. Qxd4 Rxd4 24. bxc6 bxc6 25. Red1 c5 26. Rac1 Rc8 27. Bc4
Bxc4 28. Rxd4 cxd4 29. Rxc4 Rd8 30. Nd1 Kf7 31. g3 Bb8 32. Kf1 g5 33. Rb4 h5
34. Rb7+ Kf6 35. Nb2 g4 36. hxg4 hxg4 37. Nc4 Rc8 38. Nd2 e3 39. fxe3 dxe3 40.
Ne4+ Kf5 41. Re7 Be5 42. Ng5 Rc2 43. Nf7 e2+ 0-1

[Event "MCRE_O21"]
[Site "?"]
[Date "2004.??.??"]
[Round "?"]
[White "Tucek, Richard"]
[Black "Mateka, Petr"]
[Result "0-1"]
[WhiteElo "1800"]
[BlackElo "1970"]
[PlyCount "66"]
[EventDate "2004.??.??"]
[EventType "corr"]
[EventRounds "2"]
[SourceDate "2005.03.12"]

1. b3 e5 2. Bb2 Nc6 3. e3 Nf6 4. Nf3 e4 5. Nd4 Nxd4 6. Bxd4 Be7 7. d3 d5 8.
dxe4 dxe4 9. Be2 c5 10. Bb2 Qxd1+ 11. Bxd1 Bf5 12. O-O O-O-O 13. f3 exf3 14.
Bxf3 Bxc2 15. Na3 Bd3 16. Rfe1 b5 17. e4 a6 18. e5 Nd5 19. e6 f6 20. Rad1 Nf4
21. Bc1 Ng6 22. g3 Ne5 23. Kg2 b4 24. Nc4 Nxc4 25. bxc4 Bxc4 26. Rxd8+ Rxd8 27.
Be2 Bxa2 28. Bxa6+ Kc7 29. Bf4+ Kc6 30. Re2 Bd5+ 31. Kf2 c4 32. Bc1 b3 33. Bb2
Ra8 0-1

[Event "MCRE_O21"]
[Site "?"]
[Date "2004.??.??"]
[Round "?"]
[White "Tucek, Richard"]
[Black "Novak, Vaclav"]
[Result "0-1"]
[WhiteElo "1800"]
[BlackElo "1860"]
[PlyCount "50"]
[EventDate "2004.??.??"]
[EventType "corr"]
[EventRounds "2"]
[SourceDate "2005.03.12"]

1. e4 g6 2. d4 Bg7 3. Nf3 d6 4. Bb5+ c6 5. Be2 Nf6 6. Nc3 O-O 7. O-O Nbd7 8.
Bf4 b5 9. e5 Nh5 10. Qd2 Nxf4 11. Qxf4 dxe5 12. Nxe5 Nxe5 13. dxe5 Qc7 14. Bf3
Bxe5 15. Qe4 Be6 16. Qxc6 Bxh2+ 17. Kh1 Qf4 18. Rfe1 Qh4 19. Rxe6 Bd6+ 20. Kg1
Qh2+ 21. Kf1 Qh1+ 22. Ke2 Qxa1 23. Qxb5 Rab8 24. Qd7 fxe6 25. Qxe6+ Kg7 0-1

[Event "MCRE_O21"]
[Site "?"]
[Date "2004.??.??"]
[Round "?"]
[White "Tucek, Richard"]
[Black "Slechta, Vladimir"]
[Result "0-1"]
[WhiteElo "1800"]
[BlackElo "1923"]
[PlyCount "82"]
[EventDate "2004.??.??"]
[EventType "corr"]
[EventRounds "2"]
[SourceDate "2005.03.12"]

1. e4 e6 2. d4 d5 3. exd5 exd5 4. c4 Nf6 5. Nf3 Bb4+ 6. Nc3 O-O 7. Be2 dxc4 8.
O-O Be6 9. Ne5 Nbd7 10. Nxc4 c6 11. Be3 Nb6 12. Nxb6 axb6 13. a3 Bd6 14. h3 Bc7
15. Qd2 Qd6 16. f4 Rfe8 17. Bd3 b5 18. Ne4 Nxe4 19. Bxe4 Bc4 20. Bd3 Ba5 21. b4
Bb6 22. Bf2 Bxd3 23. Qxd3 Qxf4 24. d5 Bc7 25. g3 Qd6 26. Rfd1 Rad8 27. Qf3 cxd5
28. Kg2 Re4 29. Bc5 Qe6 30. Rd3 Re2+ 31. Bf2 Bb6 32. Rf1 Rc8 33. Qxd5 Rcc2 34.
Qxe6 Rxf2+ 35. Rxf2 Rxf2+ 36. Kg1 fxe6 37. Rd6 Ba7 38. Kh1 e5 39. Rd7 e4 40.
Rxb7 Bd4 41. Rxb5 e3 0-1

[Event "MCRE_O21"]
[Site "?"]
[Date "2004.??.??"]
[Round "?"]
[White "Tucek, Richard"]
[Black "Spicka, Zdenek"]
[Result "0-1"]
[WhiteElo "1800"]
[BlackElo "1800"]
[PlyCount "88"]
[EventDate "2004.??.??"]
[EventType "corr"]
[EventRounds "2"]
[SourceDate "2005.03.12"]

1. c4 Nf6 2. Nc3 e5 3. Nf3 Nc6 4. e3 Bb4 5. Qc2 O-O 6. d3 d5 7. cxd5 Nxd5 8.
Bd2 Be6 9. Be2 Qe7 10. Nxd5 Bxd5 11. O-O Rad8 12. Bxb4 Nxb4 13. Qa4 Nxd3 14.
Bxd3 Bxf3 15. Bxh7+ Kxh7 16. gxf3 Qg5+ 17. Qg4 Qxg4+ 18. fxg4 Rd2 19. Rfc1 f5
20. gxf5 Rxf5 21. Rxc7 Rfxf2 22. Rxb7 Rg2+ 23. Kf1 Rxh2 24. Kg1 Rdg2+ 25. Kf1
Rxb2 26. Rxb2 Rxb2 27. Rd1 Rxa2 28. Rd5 e4 29. Rd4 g5 30. Rxe4 Kg6 31. Re5 a5
32. e4 g4 33. Rb5 a4 34. Ra5 a3 35. Ra8 Kg5 36. e5 Kf5 37. Ra4 g3 38. e6 Kxe6
39. Rg4 Rb2 40. Rxg3 a2 41. Re3+ Kd5 42. Ra3 Rb1+ 43. Ke2 a1=Q 44. Rxa1 Rxa1
0-1